| 000 | 00727cam a22002413a 4500 | ||
|---|---|---|---|
| 001 | 16102 | ||
| 003 | PGUSA | ||
| 005 | 20140828083338.0 | ||
| 008 | 050622s2005||||xxu|||||s|||||000 | eng d | ||
| 040 |
_aPGUSA _beng |
||
| 042 | _adc | ||
| 050 | 4 | _aDS | |
| 100 | 1 |
_aLe Bon, Gustave, _d1841-1931 |
|
| 245 | 1 | 0 |
_aReis in Nepal : _bDe Aarde en haar Volken, 1887 _h[electronic resource] / _cGustave Le Bon |
| 260 |
_bProject Gutenberg, _c2005 |
||
| 506 | _aPublic domain in the USA. | ||
| 516 | _aElectronic text | ||
| 653 | _aLe Bon, Gustave, 1841-1931 -- Travel -- Nepal | ||
| 653 | _aNepal -- Description and travel | ||
| 830 | 0 |
_aProject Gutenberg _v16102 |
|
| 856 | 4 | 0 | _uhttp://www.gutenberg.org/ebooks/16102 |
| 942 | _cEB | ||
| 999 |
_c245357 _d245357 |
||